Elaboracin̤ de materiales de marketing y comunicacin̤

Bibliographic Details
Main Author: Baratas, Moisš Alonso
Format: eBook
Language:Spanish
Published: Bogot:̀ Ediciones de la U, 2016
Subjects:
Online Access:Acceso restringido

MARC

LEADER 00000nam a22000007a 4500
005 20210515153457.0
007 cr|||| ||||
008 210515s2016 co |||||s|||| 00||0 spa d
020 |a 978-958-762-518-9 
035 |a 33361 
040 |a vLex 
090 |c 11688  |d 11688 
100 1 |a Baratas, Moisš Alonso 
245 1 0 |a Elaboracin̤ de materiales de marketing y comunicacin̤  |h [Recurso electrn̤ico] /  |c Moisš Alonso Baratas 
256 |a Servicio en ln̕ea 
260 |a Bogot:̀  |b Ediciones de la U,  |c 2016 
300 |a 1 recurso electrn̤ico 
500 |a Esta obra est ̀enmarcada dentro del Certificado de Profesionalidad COMM0112 Gestin̤ de Marketing y Comunicacin̤, concretamente desarrollando el md̤ulo formativo MF2189_3 Elaboracin̤ de materiales de Marketing y Comunicacin̤. Los contenidos de la obra se cięn a los epg̕rafes especificados para cada unidad didc̀tica en el Real Decreto 614/2013 de 2 de agosto. Su facilidad de lectura, la claridad del lenguaje, as ̕como la simplicidad en la exposicin̤ de definiciones y contenidos complementados con numerosos ejemplos, ilustraciones y casos prc̀ticos, hacen de la obra un material accesible para cualquier persona que se est ̌formando en esta r̀ea o que simplemente desee ampliar sus conocimientos en marketing y comunicacin̤. 
506 1 |a Disponible solo en los productos indicados  |d vLex Global  |d vLex Global (Academic Edition, excluding Law Schools)  |d vLex Global (U.S. Academic Edition, Law Schools)  |d vLex Global (U.S. Academic Edition, excluding Law Schools)  |d vLex Global (Academic Edition, Law Schools) 
650 0 4 |a Marketing  |z Colombia 
740 0 |a vLex Libros (Servicio en ln̕ea) 
856 4 0 |u https://vlex.com/source/elaboracion-de-materiales-de-marketing-y-comunicacion-33361  |z Acceso restringido 
942 |c BOOK 
999 0 |a Marketing